Дело о службе и об увольнении вовсе от неё, по болезненному состоянию танцовщицы Анны Натье, с пожалованием ей пенсиона

Доступно только в Электронных читальных залах Найти на картеНа карте
RUSMARC
00003649nmc2a22000003x 450
001e3abcc1d-717c-4112-80e5-1085a2ce4402
00520181128193228.0
100##$a20170111l18251873k l0rusy0189 ca
1010#$arus
102##$aRU
2001#$aДело о службе и об увольнении вовсе от неё, по болезненному состоянию танцовщицы Анны Натье, с пожалованием ей пенсиона
$j28 октября 1825 г. - 14 марта 1873 г.
251##$cДело
300##$aДело
801#0$aRU
$bРГИА
$c20170111
$gRCR
801#1$aRU
$bГлавНИВЦ
$c20170111
$2rusmarc
801#2$aRU
$bПБ им. Б.Н. Ельцина
$c20181128
$gRCR
$2rusmarc
850##$aРГИА
852##$aРГИА
$eФедеральное казенное учреждение "Российский государственный исторический архив" (РГИА)
$j2768
937##$hРГИА
$d12238506
$aASBIBLIO_SCAN
462#0$1001dd3991dc-24e1-42ec-8838-ca4255420416
$12001
$a1746-1850 гг.
$1251
$cОпись
$1852
$j1
461#0$10019264ebf8-de62-4f1a-9eb4-9f22098dbbd5
$12001
$aДирекция императорских театров МИДв
$1251
$cФонд
$1852
$j497
215##$a34 л.
$d36,5х26 см
371##$aДокумент не является опубликованным и широко распространяемым
105##$ay###
1222#$ad
035##$ae3abcc1d-717c-4112-80e5-1085a2ce4402
856##$uhttp://readingroom.main.prlib.ru/item.aspx?id_node=n121099036&mode=full
Формат отображения